Golden State Warriors Retired Jerseys - Statistics

General Stats
  • This quiz has been taken 872 times
  • The average score is 3 of 6
Answer Stats
Hint Answer % Correct
13 Wilt Chamberlain
80%
24 Rick Barry
78%
17 Chris Mullin
73%
42 Nate Thurmond
46%
16 Al Attles
14%
14 Tom Meschery
9%
No matching quizzes found
Score Distribution
Percent of People with Each Score
Percentile by Number Answered
Your Score History
You have not taken this quiz